|
|
|
|
| LEADER |
01190nam a2200289 a 4500 |
| 001 |
12805388 |
| 003 |
BD-DhAAL |
| 005 |
20231220101807.0 |
| 008 |
100413r2001 flu d 000 0 eng d |
| 010 |
|
|
|a 2002282884
|
| 020 |
|
|
|a 1888777486
|
| 020 |
|
|
|a 8123907400
|
| 040 |
|
|
|a DLC
|c DLC
|d DLC
|d BD-DhAAL
|
| 082 |
0 |
0 |
|a 423
|2 21
|
| 245 |
0 |
4 |
|a The new international Webster's pocket dictionary of the English language /
|c Trident Press International.
|
| 246 |
3 |
0 |
|a Webster's pocket dictionary of the English language
|
| 250 |
|
|
|a New rev. edition
|
| 260 |
|
|
|a Naples, Fla. :
|b Trident Press International, ;
|a New Delhi :
|b CBS Publishers,
|c 2001 [Reprinted].
|
| 300 |
|
|
|a 668 pages ;
|c 17 cm.
|
| 541 |
1 |
|
|e 0009648
|
| 650 |
|
0 |
|a English language
|v Dictionaries.
|
| 710 |
2 |
|
|a Trident Press International.
|9 55850
|
| 852 |
4 |
|
|a Ayesha Abed Library
|c Reference
|j
|
| 942 |
|
|
|2 ddc
|c BK
|
| 999 |
|
|
|c 8090
|d 8090
|
| 952 |
|
|
|0 0
|1 0
|2 ddc
|4 0
|6 423_NEW_200100000000000
|7 0
|9 9213
|a BRACUL
|b BRACUL
|c REF
|d 2010-04-13
|l 0
|o 423 NEW
|p 3010009648
|r 2010-04-13
|t 1
|w 2010-04-13
|y BK
|
| 952 |
|
|
|0 0
|1 0
|2 ddc
|4 0
|6 423_000000000000000_NEW
|7 0
|9 54572
|a SCL
|b SCL
|c GEN
|d 2015-06-28
|l 0
|o 423 NEW
|p 3020007729
|r 2015-06-28
|t 2
|w 2015-06-28
|y BK
|